<?xml version="1.0" encoding="UTF-8"?>
<record
    xmlns:xsi="http://www.w3.org/2001/XMLSchema-instance"
    xsi:schemaLocation="http://www.loc.gov/MARC21/slim http://www.loc.gov/standards/marcxml/schema/MARC21slim.xsd"
    xmlns="http://www.loc.gov/MARC21/slim">

  <leader>00835naa a2200205 i 4500</leader>
  <controlfield tag="001">190389</controlfield>
  <controlfield tag="003">ES-MaACL</controlfield>
  <controlfield tag="005">20250704062551.0</controlfield>
  <controlfield tag="008">210121s1996    sp            100 0 spa d</controlfield>
  <datafield tag="040" ind1=" " ind2=" ">
    <subfield code="c">ES-MaACL</subfield>
  </datafield>
  <datafield tag="100" ind1="1" ind2=" ">
    <subfield code="a">Mallo, Tom&#xE1;s</subfield>
    <subfield code="9">75818</subfield>
    <subfield code="e">aut</subfield>
  </datafield>
  <datafield tag="245" ind1="1" ind2="3">
    <subfield code="a">El Ateneo de Madrid ante el 98 / </subfield>
    <subfield code="c">Tom&#xE1;s Mallo Guti&#xE9;rrez.</subfield>
  </datafield>
  <datafield tag="300" ind1=" " ind2=" ">
    <subfield code="a">P. 529-536</subfield>
  </datafield>
  <datafield tag="610" ind1="2" ind2="4">
    <subfield code="a">Ateneo de Madrid-</subfield>
    <subfield code="v">Historia</subfield>
    <subfield code="9">1925</subfield>
  </datafield>
  <datafield tag="651" ind1=" " ind2="0">
    <subfield code="a">Espa&#xF1;a-</subfield>
    <subfield code="x">Historia-</subfield>
    <subfield code="y">1898-</subfield>
    <subfield code="v">Congresos y asambleas</subfield>
    <subfield code="9">227164</subfield>
  </datafield>
  <datafield tag="773" ind1="0" ind2=" ">
    <subfield code="0">13387</subfield>
    <subfield code="w">13387</subfield>
    <subfield code="9">13719</subfield>
    <subfield code="t">La naci&#xF3;n so&#xF1;ada: Cuba, Puerto Rico y Filipinas ante el 98 : actas del congreso internacional celebrado en Aranjuez del 2 al 28 de abril de 1995, </subfield>
    <subfield code="d">Aranjuez : Doce Calles, [1996], </subfield>
    <subfield code="z">ISBN 8487111874,</subfield>
    <subfield code="g">p. 529-536</subfield>
  </datafield>
  <datafield tag="942" ind1=" " ind2=" ">
    <subfield code="c">ANAM</subfield>
    <subfield code="2">udc</subfield>
    <subfield code="n">0</subfield>
  </datafield>
  <datafield tag="999" ind1=" " ind2=" ">
    <subfield code="c">190389</subfield>
    <subfield code="d">190389</subfield>
  </datafield>
</record>
